000 00399nam a22001337a 4500
999 _c112648
_d112648
008 190227b1983 ||||| |||| 00| 0 eng
082 _a378.166 NAT
100 _aNatarajan V
245 _aMonographs on revaluation of answer scripts
260 _aNew Delhi
_bAssociation Of Indian Universities
_c1983
300 _aPB
600 _aMonograph - Revaluation
_aAnswer Scripts
942 _2ddc
_cBK